• 首页
  • 本馆介绍
  • 公告通知
  • 最新文献
  • 馆藏检索
  • 电子资源
  • 读者导购
  • 参考咨询
  • 我的图书馆
  • 登录
  • 详细信息显示
  • 放入我的书架
  • 预约/预借图书
  • 作者相关作品
  • 分类相关作品
  • 丛书相关作品
  • 出版社相关作品

书目信息

  • 表格格式
  • 工作单格式
  • 卡片格式
题名:
让灯守着我
    
 
作者: 北塔 著
分册:  
出版信息: 北京   九州出版社  2020.02
页数: 355页
开本: 21cm
丛书名:
单 册:
中图分类: K825.6=71
科图分类:
主题词:
电子资源:
ISBN: 978-7-5108-8498-6
000 01038nam0 2200265 450
001 0120202944805
005 20201019154216.65
010    @a978-7-5108-8498-6@dCNY78.00
100    @a20200330d2020 em y0chiy50 ea
101 0  @achi
102    @aCN@b110000
105    @aa z 000yb
106    @ar
200 1  @a让灯守着我@9rang deng shou zhe wo@b专著@e戴望舒传@e增补版@f北塔著
205    @a修订版
210    @a北京@c九州出版社@d2020.02
215    @a355页@c照片@d21cm
330    @a这是一部有关著名诗人戴望舒的传记。戴望舒是20世纪三十年代著名诗人,曾以一首《雨巷》风靡一时。其诗歌作品百首不到,却不乏佳作,显其创作之严谨,为后人敬仰。本书刻画了著名雨巷诗人的一生。同时,本书对戴望舒成就最突出的诗歌创作,剖析独到,分析其诗思诗艺,精见叠出;对戴望舒的法文、西班牙文翻译之详情也如数家珍。
333    @a一般读者
517 1  @a戴望舒传@9dai wang shu zhuan
600  0 @a戴望舒@f(1905-1950)@x传记
690    @aK825.6=71@v5
701  0 @a北塔@9bei ta@4著
801  0 @aCN@b人天书店@c20200330
905    @b1289907-10@dK825.6=71@e1361=2@f4
    
    让灯守着我:戴望舒传:增补版/北塔著.-修订版.-北京:九州出版社,2020.02
    355页:照片;21cm
    使用对象:一般读者
    
    ISBN 978-7-5108-8498-6:CNY78.00
    这是一部有关著名诗人戴望舒的传记。戴望舒是20世纪三十年代著名诗人,曾以一首《雨巷》风靡一时。其诗歌作品百首不到,却不乏佳作,显其创作之严谨,为后人敬仰。本书刻画了著名雨巷诗人的一生。同时,本书对戴望舒成就最突出的诗歌创作,剖析独到,分析其诗思诗艺,精见叠出;对戴望舒的法文、西班牙文翻译之详情也如数家珍。
●
相关链接 在E读中查询图书 在五车中查询图书 在当当中查询图书 在豆瓣中查询图书


正题名:让灯守着我     索取号:K825.6=71/1361=2         预约/预借

序号 登录号 条形码 馆藏地/架位号 状态 备注
1 1289907   212899078   第二样本阅览室/ [索取号:K825.6=71/1361=2] 在馆    
2 1289908   212899087   第二借阅区/ [索取号:K825.6=71/1361=2] 在馆    
3 1289909   212899096   第二借阅区/ [索取号:K825.6=71/1361=2] 在馆    
4 1289910   212899103   第二借阅区/ [索取号:K825.6=71/1361=2] 在馆    
唐山师范学院图书馆 欢迎您!
大连网信软件有限公司© 版权所有